| 000 | 00392nam a22001457a 4500 | ||
|---|---|---|---|
| 082 |
_a358.40095491 _bSTO _cL-28, P-69 |
||
| 100 |
_aMohammad Afzal _949133 |
||
| 245 |
_aStory of PAF Heroes _cMohammad Afzal |
||
| 250 | _a1st | ||
| 260 |
_aLahore _bSayyarah Digest _c1967 |
||
| 300 |
_a153, p _bill, _c22cm |
||
| 526 |
_a0 _b0 _c0 _d358_400954910000000_STO |
||
| 650 |
_aMCE _9379 |
||
| 942 |
_2ddc _cBK |
||
| 999 |
_c551961 _d551961 |
||